=LDR 00000nam 2200000 4500 =001 INLIS000000000033826 =005 20200916084206 =035 ##$$a 0010-061300000033826 =008 200916################g##########0#ind## =041 ##$$a ind =082 ##$$a 303.6 =090 ##$$a 303.6, Set k =100 ##$$a Setiawan,Hersri =245 1#$$a Kidung para korban : $b Dari tutur sepuluh narasumber eks-tapol /$c Hersri Setiawan;Pengantar, Hilmar Farid =260 ##$$a Yogyakarta :$b Pustaka Pelajar,$c 2006 =300 ##$$a xxix, 288 hlm ; $c 21 x 14 cm =650 #4$$a Konflilk Sosial =700 #$$a Farid, Hilmar =850 ##$$a NBPNMAT =020 ##$$a 979-2458-63-8 =084 ##$$a 303.6 SET k =990 ##$$a 21006232 =990 ##$$a 21006231